İçeriği atla
Inicio
Centros participantes
Catálogo
Servicios
Contacto
Giriş
English
Deutsch
Español
Français
Italiano
日本語
Nederlands
Português
Português (Brasil)
中文(简体)
中文(繁體)
Türkçe
עברית
Gaeilge
Cymraeg
Ελληνικά
Català
Euskara
Русский
Čeština
Suomi
Svenska
polski
Dansk
slovenščina
اللغة العربية
বাংলা
Galego
Tiếng Việt
Hrvatski
हिंदी
Հայերէն
Українська
Sámegiella
Dil
Tüm Alanlar
Materyal Adı
Yazar
Konu
Yer Numarası
ISBN/ISSN
Etiket
Ara
Gelişmiş
Metafísica de la libertad
Alıntıla
E-posta Gönder
Yazdır
Kaydı İhraç Et
İhraç Et RefWorks
İhraç Et EndNoteWeb
İhraç Et EndNote
Favorilerime ekle
Kalıcı bağlantı
İlk derecelendirmeyi ekleyin
Metafísica de la libertad
Kaydedildi:
Detaylı Bibliyografya
Yazar:
Scheler, Max
Materyal Türü:
Kitap
Dil:
Undetermined
Baskı/Yayın Bilgisi:
Buenos Aires, Argentina
Nova
1960
Konular:
FILOSOFÍA
Etiketler:
Etiketle
Etiket eklenmemiş, İlk siz ekleyin!
Erişim Bilgileri
Diğer Bilgiler
Yorumlar
Benzer Materyaller
MARC Görünümü
MARC
LEADER
00000nam a2200000Ia 4500
008
170316s9999 xx 000 0 und d
090
|a
100 S-21m
100
|a
Scheler, Max
245
|a
Metafísica de la libertad
260
|a
Buenos Aires, Argentina
260
|b
Nova
260
|c
1960
300
|a
276 páginas
650
|a
FILOSOFÍA
999
|c
17569
|d
17569
040
|a
cru BVZT
942
|c
15 D
|h
100 S-21m
|2
z
Benzer Materyaller
Crisis de la metafísica
Yazar:: Müller, Max
Baskı/Yayın Bilgisi: (1961)
De la libertad a la metafísica según Moisés Vincenzi
Yazar:: Piedra Madriz, Rubén
Baskı/Yayın Bilgisi: (1976)
Metafísica
Yazar:: Aristóteles
Baskı/Yayın Bilgisi: (1960)
Metafísica
Yazar:: Aristóteles
Baskı/Yayın Bilgisi: (1998)
Metafísica
Yazar:: Aristóteles
Baskı/Yayın Bilgisi: (1998)